The new corporatism: social-political structures in the iberian world

Salvato in:
Dettagli Bibliografici
Autori principali: Pike, Fredrick B (Autore), Stritch, Thomas (Autore)
Natura: Libro
Lingua:inglese
Pubblicazione: Notre Dame University of Notre Dame 1974
Soggetti:
Tags: Aggiungi Tag
Nessun Tag, puoi essere il primo ad aggiungerne!!

MARC

LEADER 00000nam a2200000 a 4500
001 UCO7596
003 CL-VaPUC
008 001117e19740000us |||||||||||||||||eng|d
082 0 4 |a 320.531  |b PIK  |2 21 
100 0 |a Pike, Fredrick B  |e author  |9 452151 
700 0 |a Stritch, Thomas  |e author  |9 452152 
245 1 4 |a The new corporatism: social-political structures in the iberian world 
300 |a 218 p 
942 |c BK 
945 |d 20001117 00:00:00  |a crobeson 
260 |a Notre Dame  |b University of Notre Dame  |c 1974 
500 |a Donación del profesor Manfred Wilhelmy von Wolff 
650 0 |a Socialismo  |9 255260 
650 7 |a POLITICA Y GOBIERNO 1939  |2 CL-VaPUC  |9 452153 
650 0 |a Discursos políticos  |9 373524 
651 0 |a América Latina   |9 255027 
651 0 |a España  |9 254926 
583 |a last modification  |c 20171220 06:11:12  |k Rodrigo Vera 
999 |c 292486  |d 292484 
952 |0 0  |1 0  |4 0  |6 320_531000000000000_PIK_1974  |7 0  |8 A  |9 343402  |a BIBHIS  |b BIBHIS  |d 2019-11-20  |i 1228749  |o 320.531 PIK 1974  |p 1228749  |r 2025-01-20  |w 2019-11-20  |y BK  |k HIS